Hard general knowledge #1 - Statistics

General Stats
  • This quiz has been taken 99 times
  • The average score is 4 of 20
Answer Stats
Hint Answer % Correct
Who composed swan lake Tchaikovsky
64%
Which sea faring people founded the city of carthage in the 9th century BC Phoenicians
49%
What happened in Prague in 1419 and in 1618 which helped lead to the 30 years war (one word answer only). Defenestration
33%
What is the closest star to earth outside the solar system Proxima Centauri
32%
Which Germanic tribe settled in the Iberian peninsula and made Toledo the capital of their kingdom Visigoths
31%
Which national flag has a purple bird on it Dominica
25%
What is the name of the peninsular in the Australian state of Queensland Cape york
16%
What mathematical constant is the ratio between the radius of a circle and its circumference(Hint: it's not pi) Answer needs to be written as a word not the symbol itself Tau
16%
What element finds its names origin from the German word for goblin Cobalt
14%
Which operation lead by Bernard Montgomery had the aim to take bridges such as Nijmegen throughout the Netherlands Market garden
14%
Which group of crusaders formed the Livonian order with the Livonian brothers of the sword Teutonic Order
14%
In what battle did Varus ambush the romans destroying three legions teutoburg forest
12%
Whose run record in cricket was broken by joe root Alastair Cook
9%
Which proto-protestant group lead the acts of the above question Hussites
9%
Who lead the Welsh revolt against England at the beginning of the 15th century Owain Glyndŵr
9%
Which daimyo deposed the Ashikaga shogunate. Oda Nobunaga
6%
What is the name of a galley with four banks of oars quadrireme
5%
What type of foot soldier often armed with Yari, Bows or Matchlocks did the above use effectively during his conquests Ashigaru
2%
Which port town in the east of England was destroyed by storms in the 13th century Dunwich
2%
What is the smallest Us pacific territory only 0.005 square miles in area Kingman reef
1%
No matching quizzes found
Score Distribution
Percent of People with Each Score
Percentile by Number Answered
Your Score History
You have not taken this quiz